Swahili : tableau complet - Statistiques

Statistiques générales
  • Ce quiz a été pris 16 fois
  • Le résultat moyen est 16 sur 90
Statistiques - réponses
Hint Réponse % Correct
Classe 1, préfixe nominal m / mw
100%
Classe 1, infixe objet ni / u (ku) / a (m/mw)
100%
Classe 2, rappel hao
50%
Classe 2, proximité hawa
50%
Classe 6, proximité haya
50%
Classe 5, proximité hili
50%
Classe 3, proximité huu
50%
Classe 1, rappel huyo
50%
Classe 1, proximité huyu
50%
Classe 4, infixe objet i
50%
Classe 4, distance ile
50%
Classe 5, connectif la
50%
Classe 5, infixe objet li
50%
Classe 5, distance lile
50%
Classe 6, préfixe nominal ma
50%
Classe 4, préfixe nominal mi
50%
Classe 3, préfixe nominal m / mw
50%
Classe 5, préfixe nominal ø / j / ji
50%
Classe 2, infixe objet tu / m (ku-...-ni) / wa
50%
Classe 3, infixe objet u
50%
Classe 3, distance ule
50%
Classe 1, connectif wa
50%
Classe 2, connectif wa
50%
Classe 3, connectif wa
50%
Classe 2, distance wale
50%
Classe 2, préfixe nominal w / wa
50%
Classe 6, infixe objet ya
50%
Classe 4, connectif ya
50%
Classe 6, distance yale
50%
Classe 1, distance yule
50%
Classe 7, connectif cha
0%
Classe 16, proximité hapa
0%
Classe 16, rappel hapo
0%
Classe 6, rappel hayo
0%
Classe 7, rappel hicho
0%
Classe 4, proximité hii
0%
Classe 9, proximité hii
0%
Classe 7, proximité hiki
0%
Classe 5, rappel hilo
0%
Classe 8, proximité hivi
0%
Classe 8, rappel hivyo
0%
Classe 4, rappel hiyo
0%
Classe 9, rappel hiyo
0%
Classe 10, proximité hizi
0%
Classe 10, rappel hizo
0%
Classe 15, rappel huko
0%
Classe 17, rappel huko
0%
Classe 15, proximité huku
0%
Classe 17, proximité huku
0%
Classe 18, rappel humo
0%
Classe 18, proximité humu
0%
Classe 3, rappel huo
0%
Classe 11, rappel huo
0%
Classe 11, proximité huu
0%
Classe 9, infixe objet i
0%
Classe 9, distance ile
0%
Classe 7, infixe objet ki
0%
Classe 7, préfixe nominal ki / ch
0%
Classe 7, distance kile
0%
Classe 15, préfixe nominal ku
0%
Classe 15, infixe objet ku
0%
Classe 17, infixe objet ku
0%
Classe 17, préfixe nominal ku / kw
0%
Classe 15, distance kule
0%
Classe 17, distance kule
0%
Classe 15, connectif kwa
0%
Classe 17, connectif kwa
0%
Classe 18, distance mle
0%
Classe 18, infixe objet mu
0%
Classe 18, préfixe nominal mu / mw
0%
Classe 18, connectif mwa
0%
Classe 9, préfixe nominal n / ny
0%
Classe 10, préfixe nominal n / ny
0%
Classe 16, préfixe nominal pa
0%
Classe 16, infixe objet pa
0%
Classe 16, connectif pa
0%
Classe 16, distance pale
0%
Classe 11, infixe objet u
0%
Classe 11, distance ule
0%
Classe 11, préfixe nominal u / wa
0%
Classe 8, infixe objet vi
0%
Classe 8, distance vile
0%
Classe 8, préfixe nominal vi / vy
0%
Classe 8, connectif vya
0%
Classe 11, connectif wa
0%
Classe 6, connectif ya
0%
Classe 9, connectif ya
0%
Classe 10, connectif za
0%
Classe 10, infixe objet zi
0%
Classe 10, distance zile
0%
Aucun quiz correspondant
Distribution des résultats
% des personnes avec chaque résultat
Percentile par nombre de réponses
Votre historique - résultats
Vous n’avez pas pris ce quiz